Поющие в терновнике: роман; пер. с англ.

Bibliografski detalji
Glavni autor: Маккалоу К. Колин
Sažetak:«Поющие в терновнике». Любовный роман, поднятый на уровень настоящей литературы. Трогательная история взаимоотношений влюбленных, завораживающая читателя своей искренностью, чистотой и глубиной...
Jezik:ruski
Izdano: Москва, АСТ, 2011
Serija:Зарубежная классика
Teme:
Format: Knjiga
KOHA link:https://koha.lib.tpu.ru/cgi-bin/koha/opac-detail.pl?biblionumber=194863

MARC

LEADER 00000nam0a2200000 4500
001 194863
005 20231031182510.0
010 |a 9785170637140 
010 |a 978-5-271-28393-2 
010 |a 978-5-17-054109-6 
010 |a 978-5-271-28392-5 
020 |a RU  |b 93-4797 
035 |a (RuTPU)RU\TPU\book\212540 
035 |a RU\TPU\book\88625 
090 |a 194863 
100 |a 20110425d2011 m y0rusy5003 ca 
101 1 |a rus  |c eng 
102 |a RU 
105 |a y z 000ay 
200 1 |a Поющие в терновнике  |e роман  |e пер. с англ.  |f К. Маккалоу 
210 |a Москва  |c АСТ  |c Астрель  |d 2011 
215 |a 608 с. 
225 1 |a Зарубежная классика 
330 |a «Поющие в терновнике». Любовный роман, поднятый на уровень настоящей литературы. Трогательная история взаимоотношений влюбленных, завораживающая читателя своей искренностью, чистотой и глубиной... 
610 1 |a американская литература 
610 1 |a любовные романы 
610 1 |a женщины 
610 1 |a 20 век 
675 |a 82  |v 3 
700 1 |a Маккалоу  |b К.  |g Колин 
801 0 |a RU  |b 63413507  |c 19950413  |g psbo 
801 1 |a RU  |b 63413507  |c 20051004  |g PSBO 
801 2 |a RU  |b 63413507  |c 20110518  |g PSBO 
942 |c BK